000 00847cam a2200265 4500
001 sa 68011992
003 DLC
005 20260227112606.0
008 691010s1966 ii 000 0 eng
010 _asa 68011992
025 _aPL480:I-E-10461
040 _aDLC
_cDLC
_dDLC
050 0 0 _aJQ298.I5
_bK25
082 0 0 _a329.9/54
100 1 _aKamaraj, K.,
_d1903-1975.
245 1 0 _aTowards socialism:
_ba compilation.
_c[By] K. Kamaraj. Compiled by Amar Nath Vidyalankar [and] Harsh Dev Malaviya.
250 _a[1st ed.]
260 _aNew Delhi,
_bCongress Forum for Socialist Action
_c[1966]
300 _a108 p.
_c22 cm.
350 _a3.00
610 2 0 _aIndian National Congress.
651 0 _aIndia
_xPolitics and government
_y1947-
700 1 _aVidyalankar, Amar Nath,
_ecomp.
700 1 _aMalaviya, H. D.
_q(Harsh Dev),
_d1917-
_ecomp.
999 _c84235
_d84235